LDR 00990naa#a2200181#i#450# 001 RU\\bibl\19983 005 20260701172311.3 100 ## _a20260630b2026####ek#y0rusy0150####ca 102 ## _aRU 200 1# _aТЕХНОЛОГИЯ ФУНКЦИОНИРОВАНИЯ И АЛГОРИТМЫ РЕКОМЕНДАТЕЛЬНЫХ СИСТЕМ _eСтатья/тезисы конференции 210 1# _aВоронеж _cВоронежский государственный лесотехнический университет имени Г.Ф. Морозова _d2026 215 ## _a4 с. 608 ## _aСтатья/тезисы конференции _2local 675 ## _aЧеловеко-машинное взаимодействие. Человеко-машинный интерфейс. Пользовательский интерфейс. 004.5 _z 700 #1 _aНовикова _gТатьяна Петровна 700 #1 _aЕвдокимова _gС. А. 700 #1 _aАвилов _gЮ. О. 856 4# _abibl.vgltu.ru _u